Statistics for Quiz on the Year 1997

Click here to take the quiz!

General Stats

  • This quiz has been taken 12,346 times
  • The average score is 13 of 20

Answer Stats

Question Answer % Correct
Who started his second term as President of the United States?Bill Clinton
94%
Who died after being chased by paparazzi in Paris? Princess Diana
91%
What U.K. territory was handed over to China?Hong Kong
90%
Who became, for the second time, the leader of Apple Computer?Steve Jobs
88%
Who became Prime Minister of the United Kingdom?Tony Blair
81%
Who bit Evander Holyfield's ear?Mike Tyson
81%
What movie, released in late 1997, broke box office records?Titanic
80%
What did the website "AuctionWeb" change its name to?eBay
80%
In what activity did Deep Blue defeat Garry Kasparov?Chess
77%
What was Tamagotchi?a Virtual {Pet}
74%
What country changed its name to the Democratic Republic of the Congo?Zaire
65%
What fashion designer, first name Gianni, was murdered near his home in Miami Beach?Gianni Versace
61%
The Kyoto Protocol was signed on December 11. What was the Kyoto Protocol meant to combat?Global Warming
55%
What Sri Lankan rebel group was designated a terrorist organization by the United States?Tamil {Tigers}
53%
What was Hale-Bopp?a Comet
52%
What became the first mass-market hybrid vehicle?Toyota Prius
51%
What movie about a WWII burn patient won the Academy Award for Best Picture?The English Patient
47%
What animated TV show caused hundreds of Japanese viewers to experience epileptic seizures?Pokémon
47%
What band released the seminal album "OK Computer"?Radiohead
39%
What stealth fighter jet, known as the "Raptor", made its first flight?F-22
17%

Score Distribution

Percentile by Number Answered

Percent of People with Each Score

Your Score History

You have not taken this quiz